000
00343 a2200157 4500
001
195134
020
_a
978-85-418-2082-0
040
_c
Magnum
100
_a
Hergesel, João Paulo
240
1
0
_a
A vaca presepeira
_l
245
1
0
_a
A vaca presepeira
300
_a
48
362
0
_a
2018
697
_a
LITERATURA INFANTO-JUVENIL
942
_c
BK
999
_c
195134
_d
195134